00436nam a2200169Ia 4500003000400000005001700004008004100021020001800062050002400080100002000104245005300124260003500177300003300212440000600245521000700251526000800258OSt20140314150404.0140130s9999 xx 000 0 und d a9780590982351 aPZ 7b.R982Hed 2003 aRylant, Cynthia cCynthia RylantaHenry & Mudge Get Cold Shivers / bScholastic,c2003.aNew York : a48 p. :bcol. ill, ;c22 cm. v1 aG2 c480